Kolektívne vyjednávanie v praktickom živote
Gespeichert in:
| 1. Verfasser: | |
|---|---|
| Format: | Buch |
| Sprache: | Slowakisch |
| Veröffentlicht: |
Bratislava
Educo
1992
|
| Ausgabe: | 1. vyd. |
| Schlagworte: | |
| Tags: |
Keine Tags, Fügen Sie das erste Tag hinzu!
|
MARC
| LEADER | 00000nam a2200000 4500 | ||
|---|---|---|---|
| 001 | c000919 | ||
| 005 | 20221214085823.6 | ||
| 020 | |a 80-85358-0-05 | ||
| 041 | 0 | |a slo | |
| 044 | |a SK | ||
| 245 | 1 | 0 | |a Kolektívne vyjednávanie v praktickom živote |c Milan Balogh |
| 250 | |a 1. vyd. | ||
| 264 | 1 | |a Bratislava |b Educo |c 1992 | |
| 300 | |a 40 s. | ||
| 610 | 2 | 0 | |a odbory |
| 610 | 2 | 0 | |a zamestnávatelia |
| 610 | 2 | 0 | |a zmluvy kolektívne |
| 610 | 2 | 0 | |a zákonník práce |
| 610 | 2 | 0 | |a predpisy právne |
| 610 | 2 | 0 | |a správa štátna |
| 100 | 1 | |a Balogh, Milan | |